| 000 -LEADER |
| fixed length control field |
01418cam a22003377a 4500 |
| 001 - CONTROL NUMBER |
| control field |
4519369 |
| 003 - CONTROL NUMBER IDENTIFIER |
| control field |
NUST |
| 005 - DATE AND TIME OF LATEST TRANSACTION |
| control field |
20200105143123.0 |
| 007 - PHYSICAL DESCRIPTION FIXED FIELD--GENERAL INFORMATION |
| fixed length control field |
hduafb---bacp |
| 007 - PHYSICAL DESCRIPTION FIXED FIELD--GENERAL INFORMATION |
| fixed length control field |
hdubfb---baap |
| 008 - FIXED-LENGTH DATA ELEMENTS--GENERAL INFORMATION |
| fixed length control field |
981001s1939 pk a a 000 0deng |
| 010 ## - LIBRARY OF CONGRESS CONTROL NUMBER |
| LC control number |
98911423 |
| 020 ## - INTERNATIONAL STANDARD BOOK NUMBER |
| International Standard Book Number |
9694163269 |
| 025 ## - OVERSEAS ACQUISITION NUMBER |
| Overseas acquisition number |
NBIL-10017 |
| 038 ## - RECORD CONTENT LICENSOR |
| Staff Name |
Arshad |
| 040 ## - CATALOGING SOURCE |
| Original cataloging agency |
DLC |
| Transcribing agency |
DLC |
| 042 ## - AUTHENTICATION CODE |
| Authentication code |
lcode |
| 043 ## - GEOGRAPHIC AREA CODE |
| Geographic area code |
a-ii--- |
| 050 00 - LIBRARY OF CONGRESS CALL NUMBER |
| Classification number |
Microfilm CSL-ENG-011 (P) |
| 082 ## - DEWEY DECIMAL CLASSIFICATION NUMBER |
| Classification number |
891.43915 |
| Author Mark |
BEG |
| 100 1# - MAIN ENTRY--PERSONAL NAME |
| Personal name |
Beg, Abdulla Anwar. |
| 9 (RLIN) |
5606 |
| 245 14 - TITLE STATEMENT |
| Title |
The poet of the East |
| Remainder of title |
the life and work of Dr. Sheikh Sir Muhammad Iqbal, the poet-philosopher, with a critical survey of his philosophy, poetical works and teachings / |
| Statement of responsibility, etc. |
by Abdulla Anwar Beg ; with a foreword by R.A. Nicholson. |
| 260 ## - PUBLICATION, DISTRIBUTION, ETC. |
| Place of publication, distribution, etc. |
Lahore : |
| Name of publisher, distributor, etc. |
Qaumi Kurub Khana, |
| Date of publication, distribution, etc. |
1939. |
| 300 ## - PHYSICAL DESCRIPTION |
| Extent |
xxviii, 425 p. : |
| Other physical details |
ill. ; |
| Dimensions |
20 cm. |
| 533 ## - REPRODUCTION NOTE |
| Type of reproduction |
Microfilm. |
| Place of reproduction |
New Delhi : |
| Agency responsible for reproduction |
Library of Congress Office ; |
| Place of reproduction |
Chicago : |
| Agency responsible for reproduction |
Available from Center for Research Libraries, |
| Date of reproduction |
1998. |
| Physical description of reproduction |
On 1 microfilm reel with other items ; 35 mm. |
| Series statement of reproduction |
(SAMP early 20th-century Indian books project ; item 10017) |
| Note about reproduction |
Master microform held by: ICRL. |
| 600 10 - SUBJECT ADDED ENTRY--PERSONAL NAME |
| Personal name |
Iqbal, Muhammad, |
| Titles and other words associated with a name |
Sir, |
| Dates associated with a name |
1877-1938 |
| General subdivision |
Criticism and interpretation. |
| 9 (RLIN) |
6 |
| 830 #0 - SERIES ADDED ENTRY--UNIFORM TITLE |
| Uniform title |
SAMP early 20th-century Indian books project ; |
| Volume/sequential designation |
item 10017. |
| 9 (RLIN) |
5607 |
| 906 ## - LOCAL DATA ELEMENT F, LDF (RLIN) |
| a |
7 |
| b |
cbc |
| c |
origode |
| d |
5 |
| e |
ncip |
| f |
19 |
| g |
y-genmicro |
| 942 ## - ADDED ENTRY ELEMENTS (KOHA) |
| Source of classification or shelving scheme |
|
| Koha item type |
Book |